Statistics for Top 10 Countries With The Highest Importance of Religion

Click here to take the quiz!

General Stats

  • This quiz has been taken 162 times
  • The average score is 8 of 20

Answer Stats

% Said YesCountry% Correct
97Egypt
70%
99Niger
65%
96Nigeria
62%
99Indonesia
58%
97Morocco
58%
97Afghanistan
55%
99Yemen
53%
96Malaysia
49%
98Mauritania
48%
96Philippines
43%
99Bangladesh
38%
97Thailand
38%
96Senegal
35%
99Sri Lanka
30%
96Cambodia
28%
98Djibouti
24%
96Cameroon
23%
98Burundi
17%
97Comoros
17%
99Malawi
17%

Score Distribution

Percentile by Number Answered

Percent of People with Each Score

Your Score History

You have not taken this quiz